Complete trees of north America: Field guide and natural history (Record no. 35564)

MARC details
000 -LEADER
fixed length control field 00339nam a2200121Ia 4500
082 ## - DEWEY DECIMAL CLASSIFICATION NUMBER
Classification number 635.054(7)
Item number ELI
100 ## - MAIN ENTRY--AUTHOR NAME
Personal name ELIAS, Thomas S
245 #0 - TITLE STATEMENT
Title Complete trees of north America: Field guide and natural history
260 ## - PUBLICATION, DISTRIBUTION, ETC. (IMPRINT)
Place of publication New York
Name of publisher Van Nostrand
Year of publication 1980
650 ## - SUBJECT ADDED ENTRY--TOPICAL TERM
Topical Term Trees
942 ## - ADDED ENTRY ELEMENTS (KOHA)
Koha item type Books
Holdings
Withdrawn status Lost status Damaged status Not for loan Home library Current library Date acquired Full call number Accession Number Koha item type
        RRII Library RRII Library 16/12/2021 635.054(7) ELI 15988 Books